[Event "Czech-ch U18-20 Open 2022"]
[Site "Spindleruv Mlyn"]
[Date "2022.03.13"]
[Round "2.3"]
[White "Kusa, Jakub"]
[Black "Gloser, David"]
[Result "1/2-1/2"]
[WhiteElo "2298"]
[BlackElo "2238"]
[Annotator "ChessBase"]
[PlyCount "119"]
[EventDate "2022.03.10"]
[EventType "tourn"]
[EventCountry "CZE"]
[SourceTitle "playchess.com"]
[Source "ChessBase"]
[SourceQuality "1"]
[TimeControl "40/5400+30:1800+30"]

1. e4 {[%emt 0:00:04]} c5 {[%emt 0:00:23]} 2. Nf3 {[%emt 0:00:11]} d6 {[%emt 0:01:35]} 3. Bb5+ {[%emt 0:00:14]} Nd7 {[%emt 0:01:20]} 4. a4 {[%emt 0:01:17]} Ngf6 {[%emt 0:02:33]} 5. Nc3 {[%emt 0:00:55]} g6 {[%emt 0:01:57]} 6. a5 {[%emt 0:00:49]} Bg7 {[%emt 0:02:49]} 7. a6 {[%emt 0:02:38]} O-O {[%emt 0:04:14]} 8. O-O {[%emt 0:01:37]} Ne8 {[%emt 0:07:11]} 9. d4 {[%emt 0:06:17]} bxa6 {[%emt 0:05:07]} 10. Bxa6 {[%emt 0:01:03]} Bxa6 {[%emt 0:02:45]} 11. Rxa6 {[%emt 0:00:11]} Nc7 {[%emt 0:00:28]} 12. Ra2 {[%emt 0:02:40]} Qb8 {[%emt 0:03:20]} 13. Be3 {[%emt 0:02:44]} Nb5 {[%emt 0:04:31]} 14. Nxb5 {[%emt 0:21:02]} Qxb5 {[%emt 0:00:12]} 15. Qd2 {[%emt 0:05:03]} Qb7 {[%emt 0:04:14]} 16. dxc5 {[%emt 0:04:40]} Nxc5 {[%emt 0:02:20]} 17. Bxc5 {[%emt 0:01:38]} dxc5 {[%emt 0:00:09]} 18. e5 {[%emt 0:00:15]} Rfd8 {[%emt 0:04:08]} 19. Qe3 {[%emt 0:07:03]} Qb6 {[%emt 0:05:36]} 20. Rfa1 {[%emt 0:01:48]} Rab8 {[%emt 0:01:45]} 21. h3 {[%emt 0:01:54]} Rd5 {[%emt 0:13:26]} 22. b3 {[%emt 0:04:11]} c4 {[%emt 0:02:31]} 23. Qxb6 {[%emt 0:00:49]} axb6 {[%emt 0:00:55]} 24. Ra8 {[%emt 0:01:56]} Rxa8 {[%emt 0:02:18]} 25. Rxa8+ {[%emt 0:00:07]} Bf8 {[%emt 0:00:03]} 26. bxc4 {[%emt 0:00:57]} Rc5 {[%emt 0:01:13]} 27. Ra4 {[%emt 0:01:29]} e6 {[%emt 0:03:33]} 28. Kf1 {[%emt 0:02:05]} Kg7 {[%emt 0:04:50]} 29. c3 {[%emt 0:03:03]} g5 {[%emt 0:02:09]} 30. Ke2 {[%emt 0:00:46]} h5 {[%emt 0:02:42]} 31. g4 {[%emt 0:00:36]} hxg4 {[%emt 0:00:50]} 32. hxg4 {[%emt 0:00:05]} Kg6 {[%emt 0:00:12]} 33. Kd3 {[%emt 0:00:59]} Rc8 {[%emt 0:00:56]} 34. Ra6 {[%emt 0:02:11]} Bc5 {[%emt 0:01:24]} 35. Nd4 {[%emt 0:01:41]} Rh8 {[%emt 0:00:58]} 36. f3 {[%emt 0:04:23]} Rh1 {[%emt 0:01:53]} 37. Ra2 {[%emt 0:02:39]} Rf1 {[%emt 0:01:38]} 38. Ke2 {[%emt 0:01:28]} Rh1 {[%emt 0:00:37]} 39. Rd2 {[%emt 0:02:47]} Rc1 {[%emt 0:02:24]} 40. Nb5 {[%emt 0:02:53]} Kg7 {[%emt 0:05:55]} 41. Rd3 {[%emt 0:30:48]} Kg6 {[%emt 0:32:17]} 42. Nd6 {[%emt 0:01:23]} Rc2+ {[%emt 0:01:24]} 43. Kd1 {[%emt 0:01:26]} Ra2 {[%emt 0:00:00]} 44. Ne4 {[%emt 0:00:00]} Ra4 {[%emt 0:00:00]} 45. Rd8 {[%emt 0:00:00]} Rxc4 {[%emt 0:00:00]} 46. Rg8+ {[%emt 0:00:00]} Kh6 {[%emt 0:00:00]} 47. Rxg5 {[%emt 0:00:00]} Be3 {[%emt 0:00:00]} 48. Rh5+ {[%emt 0:00:00]} Kg7 {[%emt 0:00:00]} 49. Ke2 {[%emt 0:00:00]} Bf4 {[%emt 0:00:00]} 50. Kd3 {[%emt 0:00:00]} Ra4 {[%emt 0:00:00]} 51. Nd6 {[%emt 0:00:00]} Ra1 {[%emt 0:00:00]} 52. Ke4 {[%emt 0:00:00]} Bg3 {[%emt 0:00:00]} 53. f4 {[%emt 0:00:00]} Rf1 {[%emt 0:00:00]} 54. Ne8+ {[%emt 0:00:00]} Kg6 {[%emt 0:00:00]} 55. Rh8 {[%emt 0:00:00]} Bxf4 {[%emt 0:00:00]} 56. Rg8+ {[%emt 0:00:00]} Kh6 {[%emt 0:00:00]} 57. Nf6 {[%emt 0:00:57]} Bg5 {[%emt 0:00:00]} 58. Rh8+ {[%emt 0:00:20]} Kg7 {[%emt 0:00:00]} 59. Rg8+ {[%emt 0:00:06]} Kh6 {[%emt 0:00:00]} 60. Rh8+ {[%emt 0:00:30]} 1/2-1/2

[Event "Czech-ch U18-20 Open 2022"]
[Site "Spindleruv Mlyn"]
[Date "2022.03.13"]
[Round "2.4"]
[White "Hlavina, Matous"]
[Black "Svanda, Ondrej"]
[Result "0-1"]
[WhiteElo "2112"]
[BlackElo "2303"]
[Annotator "TA"]
[PlyCount "104"]
[EventDate "2022.03.10"]
[EventType "tourn"]
[EventCountry "CZE"]
[SourceTitle "playchess.com"]
[Source "ChessBase"]
[SourceQuality "1"]

{[%evp 10,104,6,9,8,0,0,0,0,-9,30,11,14,0,22,-24,-18,-20,-11,-25,-6,-28,0,0,44,37,41,26,20,26,40,13,37,-7,0,-9,0,-20,-13,-30,-27,-76,-60,-144,-129,-157,-153,-157,-171,-172,-170,-166,-169,-196,-135,-136,-118,-172,-165,-151,-157,-285,-57,-50,-51,-49,-13,-66,-31,-31,-31,-38,-31,-93,-93,-158,-165,-139,-157,-225,-141,-141,-121,-340,-333,-333,-317,-474,-465,-430,-440,-429,-318,-931,-931,-1735,-1595]} 1. b3 Nf6 2. Bb2 e6 3. e3 d5 4. f4 c5 5. Nf3 Nc6 6. Bb5 Qb6 {A03: Bird's Opening with 1...d5.} 7. Bxc6+ Qxc6 8. Ne5 Qc7 {The position is equal.} 9. O-O {[#]} Nd7 $146 ({Predecessor:} 9... Bd6 10. d3 O-O 11. Nd2 a6 12. Rf3 b5 13. Rh3 Bb7 14. Ng4 Nxg4 15. Qxg4 d4 {0-1 (37) Titichoca Daza,D (2090)-Ghosh,C (2061) Chess.com INT 2020}) 10. d3 (10. Qf3 {looks sharper.} Nf6 11. c4 b6 12. Nc3 Bb7 13. Nb5) 10... Nxe5 11. fxe5 g6 (11... Be7 {seems wilder.} 12. Qh5 O-O 13. Rf3 Bd7 14. Nd2 b5) 12. Nd2 (12. c4 {is more appropriate.}) 12... Bg7 $11 13. Nf3 h6 14. Qe1 Bd7 {[%cal Bc8d7,Bd7c6,Bc6b7,Bb7a6][%mdl 32]} 15. Qg3 Bc6 16. Rf2 O-O-O (16... b6 $11) 17. Raf1 Rd7 {[%cal Od5d4]} 18. Nd2 Kb8 19. d4 b6 20. a4 Bb7 21. Nb1 (21. c4 $14 {is superior.}) 21... Ba6 22. Rc1 h5 23. Na3 Qc6 24. Qf3 Rc8 {[%cal Bh8c8,Bc8c6,Bc6c4][%mdl 32]} 25. c4 (25. Ra1 $11 {might be stronger.}) 25... dxc4 26. Qxc6 (26. Nxc4 $15 Qxf3 27. Rxf3) 26... Rxc6 $17 27. Nxc4 {[#]} Bh6 $1 28. Re1 Bxc4 29. bxc4 cxd4 30. Bxd4 Rxc4 31. Ra2 Rd5 (31... Bf8 $19 {...Bc5 is the strong threat.} 32. Rf1 Bc5 33. Bxc5 bxc5) 32. Rf1 Rc7 33. Rb2 (33. a5 $17 {is a better defense.}) 33... Kb7 34. Rb5 Ka6 35. Rfb1 (35. Rxd5 $17 exd5 36. Kf2) 35... Rc4 $2 (35... Rxb5 $19 36. Rxb5 Rc1+ 37. Kf2 Rc4) 36. Rxd5 $1 $15 exd5 {[%mdl 4096] Endgame KRB-KRB} 37. Rb5 $1 Kb7 38. Rxd5 ({Better is} 38. a5 $1 $11) 38... Kc7 ({Don't take} 38... Rxa4 39. Rd7+ Kc6 40. Rxf7 $14) 39. a5 Bf8 40. axb6+ axb6 {[%cal Ba7b6,Bb6b5,Bb5b4,Bb4b3][%mdl 32]} 41. Kf2 ({White should try} 41. e6 $1 $15 fxe6 42. Rg5) 41... Be7 $17 42. Kf3 (42. Rb5 $142) 42... Kc6 43. e4 b5 44. Be3 (44. Ke3 $17) 44... Rc3 45. Ke2 {[%cal Oe5e6]} b4 46. Ra5 $2 {Loses the game.} (46. Bd4 $17 Rc2+ 47. Kd3) 46... Ra3 $19 47. Rd5 b3 {[#] aiming for ...b2.} 48. Rd2 (48. Rd1 {was called for.} Ra2+ 49. Kd3) 48... Bc5 {Hoping for ...Bxe3.} 49. Bxc5 Kxc5 50. Rd7 Ra4 {White must now prevent ...b2.} ({Don't blunder} 50... Ra2+ $2 51. Kd3 Rxg2 52. Rxf7 $19) 51. Rd5+ $2 (51. Kd3 b2 52. Rd5+ Kb6 53. Rd6+ Kc5 54. Rd5+ Kc6 55. Rd6+ Kc5 56. Rd5+) 51... Kc4 {( -> ...b2)} 52. Kd2 Ra1 {Weighted Error Value: White=0.43/Black=0.22 (precise)} 0-1

[Event "Czech-ch U18-20 Open 2022"]
[Site "Spindleruv Mlyn"]
[Date "2022.03.13"]
[Round "2.5"]
[White "Frank, Adam"]
[Black "Vojta, Jakub"]
[Result "1-0"]
[WhiteElo "2270"]
[BlackElo "2406"]
[Annotator "TA"]
[PlyCount "51"]
[EventDate "2022.03.10"]
[EventType "tourn"]
[EventCountry "CZE"]
[SourceTitle "playchess.com"]
[Source "ChessBase"]
[SourceQuality "1"]

{[%evp 25,51,37,33,23,32,32,29,38,44,16,77,68,59,62,126,134,154,137,748,739,746,736,665,664,1096,1078,1106,937]} 1. e4 {Horvath,Ta} c5 2. Nf3 Nc6 3. d4 cxd4 4. Nxd4 Nf6 5. Nc3 e5 6. Ndb5 {[%cal Bd4b5,Bb5a3,Ba3c2,Bc2e3][%mdl 32]} d6 7. Bg5 a6 8. Na3 b5 9. Nd5 Be7 10. Bxf6 Bxf6 11. c3 O-O 12. Nc2 Rb8 {is more profitable than 12...Bg5 at the moment.} 13. h4 {[%cal Bh2h4,Bh4h5][%mdl 32]} g6 14. g3 {B33: Sicilian: Pelikan and Sveshnikov Variations.} Bg7 15. h5 a5 16. Nce3 {White has an edge.} Be6 17. Bh3 Qg5 (17... b4 $11 {remains equal.}) 18. Nc7 {[%csl LRd6,LRe6] Pair of Knights!} Bxh3 19. Rxh3 {hxg6 is the strong threat.} Rfd8 ({Black should play} 19... Qe7 $14 20. Ncd5 Qe6) 20. Ncd5 $16 {White is more active.} b4 21. Kf1 {[#] aiming for f4.} bxc3 $146 {[%mdl 8192]} (21... Rdc8 $16 22. Qf3 bxc3 23. bxc3 Ne7) ({Predecessor:} 21... Rdc8 22. Qa4 bxc3 23. bxc3 Qd8 24. Kg2 Ne7 25. hxg6 hxg6 26. Rhh1 Nxd5 27. Nxd5 Rc5 {1-0 (41) Polgar,J (2675)-Illescas Cordoba,M (2635) Leon 1996 CBM 054 [Horvath,Ta]}) 22. f4 $18 {White is clearly winning.} exf4 23. gxf4 cxb2 24. Rb1 Qxh5 25. Rxh5 gxh5 26. Nf5 {Black did not feel at home in the position after the opening.  Weighted Error Value: White=0.07 (flawless) /Black=0.27 (precise)} 1-0

[Event "Czech-ch U18-20 Open 2022"]
[Site "Spindleruv Mlyn"]
[Date "2022.03.13"]
[Round "2.6"]
[White "Ocelak, Jakub"]
[Black "Mladek, Richard"]
[Result "0-1"]
[WhiteElo "2053"]
[BlackElo "2374"]
[Annotator "TA"]
[PlyCount "96"]
[EventDate "2022.03.10"]
[EventType "tourn"]
[EventCountry "CZE"]
[SourceTitle "playchess.com"]
[Source "ChessBase"]
[SourceQuality "1"]

{[%evp 9,95,11,20,0,14,26,20,6,1,-11,-19,-14,-15,-23,15,-35,-19,-26,-11,-20,-19,-25,-12,-22,0,0,0,0,22,20,26,31,35,0,8,17,18,0,0,-85,28,-65,-7,-60,-66,-97,243,239,236,19,6,6,8,0,0,-107,-94,-140,-126,-239,-226,-495,-420,-525,-528,-515,-430,-535,-528,-529,-528,-528,-527,-527,-517,-1725,-1761,-1427,-634,-1396,-1283,-687,-627,-645,-596,-29998,-29999,-29999]} 1. c4 e6 2. Nf3 d5 3. e3 Nf6 4. Nc3 dxc4 5. Bxc4 a6 6. a4 {A17: English Opening: 1...Nf6 with ...Bb4.} c5 7. O-O Be7 8. b3 {The position is equal.} Nc6 9. Ba3 O-O {[#]} 10. Rc1 $146 ({Predecessor:} 10. Qc2 Nb4 11. Bxb4 cxb4 12. Ne2 b6 13. d4 Bb7 14. Ne5 Rc8 15. Qd3 Be4 16. Qd2 {0-1 (50) Shamieh,S-Tuzi,B (1546) Istanbul 2012}) 10... Qc7 11. Qc2 Rd8 12. Ng5 (12. Ne4 $11) 12... h6 13. Nge4 b6 ({Resist} 13... Ng4 14. f4 $14) 14. Nxf6+ $1 Bxf6 15. Ne4 Be7 16. f4 Bf8 17. Rf3 Nb4 18. Qb1 Qe7 19. Bb2 f5 20. Ng3 {And now Nxf5 would win.} Kh8 $1 21. Nh5 Qf7 $36 {[%mdl 2048] Black has some pressure.} 22. Rh3 Ra7 {[%cal Ob6b5]} 23. e4 {exf5 is the strong threat.} b5 24. Bf1 (24. axb5 $11 axb5 25. Bxb5) 24... Qg6 ({Better is} 24... fxe4 $17 {[%cal Oe6e5] Threatens to win with ...e5!} 25. Qxe4 e5) 25. exf5 (25. Rcc3 $11) 25... exf5 $15 26. Rcc3 (26. Bc3 $1 $11) 26... Nc6 27. Rcg3 Qh7 {[%mdl 8192]} ({But not} 27... Qe6 $6 28. Re3 Qd6 29. axb5 $15) (27... Qd6 $1 $17 {and life is bright.} 28. Bc3 Nd4) 28. axb5 $18 axb5 {[#]} 29. Bxb5 $2 (29. Nf6 $1 $18 {[%cal Rf6h7][%mdl 512]} gxf6 30. Bxf6+ Bg7 31. Rxg7 Rxg7 32. Rg3) 29... Nd4 $11 30. Bc4 Ba6 {aiming for ...Bxc4.} 31. Bxd4 cxd4 {[%cal Bc5d4,Bd4d3][%mdl 32]} 32. Bxa6 (32. Nf6 $11 {remains equal.} gxf6 33. Rg8+ Qxg8 34. Bxg8 Kxg8 35. Qxf5) 32... Rxa6 $17 33. Rf3 (33. Qf1 $142 Re6 34. Rf3) 33... g6 {[%mdl 1024] Black has strong compensation. Black is more active.} 34. Ng3 {[#]} (34. Qd3 $17 {was worth a try.} Ra1+ 35. Rf1 Rxf1+ 36. Kxf1) 34... d3 $1 $19 {Hoping for ...Qa7+.} 35. Nf1 $2 ({Wrong is} 35. Rxd3 $2 Qa7+ 36. Re3 Ra1 37. Qxa1+ Qxa1+ 38. Nf1 Rxd2 $19) (35. Kh1) 35... Qa7+ 36. Kh1 Ra1 37. Qb2+ Kh7 38. Qf6 Re8 {[%cal Oe8e1] ( -> ...Ree1!)} 39. Rhg3 Qg7 40. Qxg7+ Kxg7 41. h4 Ree1 42. h5 (42. Kh2 $142 Rxf1 43. Rxf1 Rxf1 44. Rxd3) 42... Rxf1+ 43. Rxf1 Rxf1+ {KRB-KR} 44. Kh2 g5 {[%cal Bg6g5,Bg5g4][%mdl 32]} 45. Rxd3 Rxf4 46. g3 Rf2+ 47. Kh3 g4+ 48. Kh4 Be7# {Black used his chance.  Weighted Error Value: White=0.73/Black=0.20 (precise)} 0-1

[Event "Czech-ch U18-20 Open 2022"]
[Site "Spindleruv Mlyn"]
[Date "2022.03.13"]
[Round "3.1"]
[White "Mladek, Richard"]
[Black "Mica, Marek"]
[Result "0-1"]
[WhiteElo "2374"]
[BlackElo "2272"]
[Annotator "TA"]
[PlyCount "60"]
[EventDate "2022.03.10"]
[EventType "tourn"]
[EventCountry "CZE"]
[SourceTitle "playchess.com"]
[Source "ChessBase"]
[SourceQuality "1"]

{[%evp 12,60,4,9,28,30,58,41,84,27,324,32,70,57,146,64,27,0,0,0,0,-97,-56,-83,-25,-19,-13,-110,-93,-88,-84,-97,-74,-81,-64,-152,-152,-152,-152,-152,-159,-152,-152,-686,-691,-691,-688,-687,-678,-650,-625]} 1. d4 Nf6 {[%cal Bg8f6,Bf6e4,Be4c3][%mdl 32]} 2. c4 e6 3. Nc3 Bb4 4. e3 b6 5. Bd3 Bb7 6. Nf3 Ne4 7. O-O Bxc3 {E43: Nimzo-Indian: Rubinstein: 4...b6.} 8. bxc3 Nxc3 9. Qc2 {[%csl LRc3,LRh7]} Bxf3 {White is slightly better.} 10. gxf3 Qg5+ 11. Kh1 Qh5 $1 12. Rg1 $1 {Black must now prevent Rg3.} (12. Qxc3 Qxf3+ 13. Kg1 Qg4+ 14. Kh1 Qf3+ 15. Kg1 Qg4+ 16. Kh1 Qf3+ $11) 12... Qxf3+ 13. Rg2 {Bb2 is the strong threat.} f5 $1 14. Kg1 {[%mdl 1024] White has compensation.} (14. Ba3 $5 {[%cal Rc2c3]} Ne4 15. d5 $11) 14... Ne4 15. Be2 (15. Rxg7 Nc6 $17) 15... Qh3 16. f3 {[#]} (16. d5 $11) 16... Nf6 $1 $17 17. d5 Na6 (17... O-O $17) 18. dxe6 $11 {[#]} ({Reject} 18. Rxg7 O-O-O 19. Bb2 Nh5 $19) 18... Nc5 $146 ({Predecessor:} 18... O-O-O 19. a4 dxe6 20. a5 Kb7 21. Qa2 Nc5 22. Ba3 Nfe4 23. Bb4 Qh6 24. Qa3 Nd3 25. fxe4 Qxe3+ {1-0 (34) Balashov,Y (2441)-Zhurikhin,A (2315) Tambov 2013}) 19. e7 ({Much worse is} 19. Rxg7 O-O-O 20. Bf1 Qh6 21. exd7+ Nfxd7 $17) (19. Rg3 $11 {remains equal.} Qh4 20. exd7+ Nfxd7 21. Qxf5) 19... Kxe7 20. Rg3 Qh5 21. f4 Qf7 {Threatens to win with ...Nfe4.} ({But not} 21... Ng4 $6 22. Bf3 Rae8 23. Ba3 $11) 22. Qxf5 g6 23. Qc2 (23. Qe5+ $1 $15 Qe6 24. Qxc7) 23... Nfe4 $17 {Pair of Knights!} 24. Rg2 Rae8 {Black is more active.} 25. Bb2 Rhf8 26. Bf3 Kd8 27. Be5 $2 {[#]} (27. Bd4 $17) 27... Rxe5 $1 $19 {[%mdl 512] Black is clearly winning.} 28. fxe5 Qxf3 29. Qe2 Qxe2 30. Rxe2 Ke7 {Weighted Error Value: White=0.57/Black=0.08 (flawless)} 0-1

[Event "Czech-ch U18-20 Open 2022"]
[Site "Spindleruv Mlyn"]
[Date "2022.03.13"]
[Round "3.2"]
[White "Vojta, Jakub"]
[Black "Ocelak, Jakub"]
[Result "1-0"]
[WhiteElo "2406"]
[BlackElo "2053"]
[Annotator "TA"]
[PlyCount "120"]
[EventDate "2022.03.10"]
[EventType "tourn"]
[EventCountry "CZE"]
[SourceTitle "playchess.com"]
[Source "ChessBase"]
[SourceQuality "1"]

{[%evp 14,120,16,18,13,-10,30,25,32,26,37,11,33,29,25,18,34,28,34,17,0,-34,33,-22,35,11,13,-18,-9,-38,-41,-34,-11,-39,22,0,14,-64,0,2,103,0,0,0,0,-7,0,-22,0,-37,0,-475,-481,-503,0,-37,104,-42,67,81,88,79,74,8,47,0,141,72,118,115,133,122,120,18,30,26,27,20,31,23,110,118,110,109,103,114,120,127,278,266,311,310,447,435,543,512,677,668,701,637,972,965,1576,504,883,846,2448,2520,1731]} 1. Nf3 Nf6 2. c4 c5 3. g3 g6 4. b3 Bg7 5. Bb2 b6 6. Bg2 Bb7 7. O-O O-O 8. e3 d6 {A30: Symmetrical English: Double Fianchetto and Hedgehog.} 9. Qe2 Nbd7 10. d4 Qc7 {White has an edge.} 11. Nc3 a6 12. e4 cxd4 13. Nxd4 e6 {[#]} 14. Rfd1 $146 ({Predecessor:} 14. Rad1 Rac8 15. Ndb5 axb5 16. Nxb5 Qb8 17. Nxd6 e5 18. f4 Rce8 19. Nxe8 Rxe8 20. Qf2 {0-1 (46) Maris,I (2288)-Van Foreest,J (2519) Vlissingen 2015}) 14... Rfd8 15. Rac1 Rac8 16. f4 Qb8 17. b4 Qa8 (17... e5 $15 18. fxe5 Nxe5) 18. Rc2 (18. b5 $14) 18... Bf8 ({Black should try} 18... e5 $11 19. Nb3 exf4) 19. a3 h5 {[%cal Bh7h5,Bh5h4][%mdl 32]} 20. Nb3 Rc7 21. Kh1 Rdc8 22. Nd2 $1 h4 (22... b5 $5) 23. g4 d5 (23... b5 $15) 24. e5 d4 25. Nce4 (25. Bxb7 $11 Qxb7+ 26. Nce4 Nxe4 27. Qxe4) 25... d3 26. Qxd3 $11 Nxg4 {[#]} (26... Nxe4 $1 $11 27. Nxe4 h3) 27. Qh3 {Active counter play!} (27. Rg1 $1 $16) 27... Nh6 {[%cal Bg4h6,Bh6f5,Bf5h4,Bh4g2][%mdl 32]} 28. Qxh4 Nf5 29. Qf2 a5 {[%cal Ob6b5]} 30. Ra1 Be7 {[%cal Ob6b5]} 31. Rc3 Nh4 $1 32. Re3 $2 {[%mdl 8192]} (32. Kg1 $1 $11 {and White is okay.}) 32... Nxg2 $19 33. Qxg2 {[%cal Of4f5]} Kg7 $2 (33... Rxc4 $19 {And now ...Rc2 would win.} 34. h3 (34. Nxc4 $2 Rxc4 35. Kg1 Bxe4 $19) 34... Rc2) 34. Kg1 {[%cal Of4f5] Threatens to win with f5!} (34. Rh3 $2 Rxc4 35. Re1 (35. Nxc4 $2 Bxe4 36. Ne3 Bxg2+ $19) 35... Rc2 $19) 34... Rh8 {[#]} (34... Rxc4 $15 {keeps the upper hand.} 35. f5 (35. Nxc4 Rxc4 36. f5 Bxe4 $17) 35... Bxe4 36. f6+ (36. Nxe4 $2 exf5 37. e6+ Nf6 $19) (36. Rxe4 Rxe4 37. f6+ Kg8 $15) 36... Kg8 37. Rxe4 Rxe4 38. Nxe4 Bf8) 35. Qg3 ({Better is} 35. f5 $1 $16 {[%cal Rf5f6] Black must now prevent f6+.} Bxe4 36. Nxe4 (36. f6+ Kg8 $16) 36... exf5 37. e6+ f6 38. exd7 Rxd7 39. Nf2 Qxg2+ 40. Kxg2) 35... Rh5 (35... Bxe4 $15 36. Rxe4 Ra7 37. bxa5 Rxa5) 36. Nd6 $14 Kf8 37. Rd3 Bc6 38. Nb3 (38. b5 $16 Bb7 39. Bd4) 38... Be4 39. Rd4 (39. Rd2 $1 $14) 39... Bc2 (39... Bf3 $11 40. Rd3 (40. Nb5 $2 Bh4 $19) 40... Be4) 40. Rd2 (40. Nb5 $142 Rb7 41. Rd2 Bxb3 42. Qxb3) 40... Be4 (40... Bxd6 $142 41. Rxc2 Be7) 41. Rad1 $36 {[%mdl 2048] Keeping Black busy.} Bf3 42. Rf1 {Dancing on a razor blade.} Be4 43. Rd4 ({White should play} 43. Qc3 $16) 43... Bf5 $11 {Strongly threatening ...Rh3. This bishop pair is nice.} 44. Qf3 Qxf3 45. Rxf3 axb4 46. axb4 Rh3 (46... f6 $11 {remains equal.}) 47. Rxh3 $16 Bxh3 48. c5 bxc5 49. Rc4 Nb6 50. Rxc5 Ra7 (50... Nd5 $16 {might work better.}) 51. Ra5 $18 Ra8 52. Bd4 Rb8 (52... Rxa5 $142 53. bxa5 Na8) 53. Nc5 {White is clearly winning.} Bxd6 54. exd6 e5 55. fxe5 Nc4 56. Ra4 Nb6 57. Ra7 Nc8 58. Rb7 (58. Nd7+ $142 Bxd7 59. Rxd7) 58... Ra8 (58... Rxb7 $142 59. Nxb7 Ke8) 59. Rc7 Ra2 60. d7 Bxd7 {Never resign too early!  Weighted Error Value: White=0.50/Black=0.52} 1-0

[Event "Czech-ch U18-20 Open 2022"]
[Site "Spindleruv Mlyn"]
[Date "2022.03.13"]
[Round "3.3"]
[White "Svanda, Ondrej"]
[Black "Frank, Adam"]
[Result "1-0"]
[WhiteElo "2303"]
[BlackElo "2270"]
[Annotator "ChessBase"]
[PlyCount "113"]
[EventDate "2022.03.10"]
[EventType "tourn"]
[EventCountry "CZE"]
[SourceTitle "playchess.com"]
[Source "ChessBase"]
[SourceQuality "1"]
[TimeControl "40/5400+30:1800+30"]

1. d4 {[%emt 0:00:04]} Nf6 {[%emt 0:00:04]} 2. c4 {[%emt 0:00:07]} g6 {[%emt 0:00:22]} 3. g3 {[%emt 0:00:08]} Bg7 {[%emt 0:00:05]} 4. Bg2 {[%emt 0:00:04]} O-O {[%emt 0:00:05]} 5. Nf3 {[%emt 0:01:13]} d6 {[%emt 0:00:05]} 6. Nc3 {[%emt 0:00:20]} Nc6 {[%emt 0:00:05]} 7. O-O {[%emt 0:00:24]} Bf5 {[%emt 0:00:03]} 8. b3 {[%emt 0:11:58]} e5 {[%emt 0:00:28]} 9. Bb2 {[%emt 0:28:03]} Re8 {[%emt 0:07:16]} 10. d5 {[%emt 0:04:20]} Ne7 {[%emt 0:13:42]} 11. Ne1 {[%emt 0:00:02]} e4 {[%emt 0:02:36]} 12. f3 {[%emt 0:08:54]} exf3 {[%emt 0:06:58]} 13. exf3 {[%emt 0:01:45]} c6 {[%emt 0:00:39]} 14. dxc6 {[%emt 0:02:08]} Nxc6 {[%emt 0:03:42]} 15. Qd2 {[%emt 0:02:26]} Qa5 {[%emt 0:10:30]} 16. Rd1 {[%emt 0:05:27]} Rad8 {[%emt 0:03:56]} 17. Na4 {[%emt 0:04:07]} Qa6 {[%emt 0:11:44]} 18. Rf2 {[%emt 0:04:34]} d5 {[%emt 0:05:06]} 19. c5 {[%emt 0:00:05]} b5 {[%emt 0:05:19]} 20. cxb6 {[%emt 0:00:17]} d4 {[%emt 0:03:49]} 21. g4 {[%emt 0:02:31]} Be6 {[%emt 0:05:46]} 22. Rc1 {[%emt 0:00:38]} Ne5 {[%emt 0:01:19]} 23. bxa7 {[%emt 0:04:41]} Qxa7 {[%emt 0:01:54]} 24. h3 {[%emt 0:04:00]} Bxg4 {[%emt 0:06:03]} 25. hxg4 {[%emt 0:00:08]} Nexg4 {[%emt 0:00:03]} 26. fxg4 {[%emt 0:00:57]} Nxg4 {[%emt 0:00:06]} 27. Nd3 {[%emt 0:06:31]} Bh6 {[%emt 0:12:15]} 28. Rf4 Qe7 {[%emt 0:00:00]} 29. Re1 {[%emt 0:03:00]} Bxf4 {[%emt 0:00:00]} 30. Qxf4 {[%emt 0:00:10]} Qxe1+ {[%emt 0:00:00]} 31. Nxe1 {[%emt 0:00:05]} Rxe1+ {[%emt 0:00:00]} 32. Bf1 {[%emt 0:00:21]} Ne3 {[%emt 0:00:00]} 33. Qc7 {[%emt 0:04:13]} Rxf1+ {[%emt 0:00:00]} 34. Kh2 {[%emt 0:00:00]} Re8 {[%emt 0:01:44]} 35. Qd7 {[%emt 0:00:01]} Rf8 {[%emt 0:01:37]} 36. Qxd4 {[%emt 0:02:16]} Rf2+ {[%emt 0:00:04]} 37. Kg3 {[%emt 0:00:03]} Nf5+ {[%emt 0:00:03]} 38. Kxf2 {[%emt 0:00:01]} Nxd4 {[%emt 0:00:05]} 39. Bxd4 {[%emt 0:00:01]} Rd8 {[%emt 0:00:06]} 40. Be3 {[%emt 0:00:03]} f5 {[%emt 0:01:31]} 41. Nb6 {[%emt 0:31:49]} Kf7 {[%emt 0:02:10]} 42. a4 {[%emt 0:00:00]} Rd3 {[%emt 0:00:30]} 43. b4 {[%emt 0:00:00]} f4 {[%emt 0:00:48]} 44. Bc5 {[%emt 0:00:00]} g5 {[%emt 0:01:58]} 45. a5 {[%emt 0:00:00]} g4 {[%emt 0:01:40]} 46. Nc4 {[%emt 0:00:00]} g3+ {[%emt 0:02:37]} 47. Kg2 {[%emt 0:00:00]} Rc3 {[%emt 0:00:39]} 48. a6 {[%emt 0:00:00]} Rc2+ {[%emt 0:10:51]} 49. Kf3 {[%emt 0:00:00]} Rc3+ {[%emt 0:00:04]} 50. Kg4 {[%emt 0:00:00]} g2 {[%emt 0:00:04]} 51. a7 {[%emt 0:00:00]} Re3 {[%emt 0:00:32]} 52. Ne5+ {[%emt 0:00:00]} Kf6 {[%emt 0:11:24]} 53. Nf3 {[%emt 0:00:00]} Ra3 {[%emt 0:01:18]} 54. b5 {[%emt 0:00:00]} Ra4 {[%emt 0:00:03]} 55. b6 {[%emt 0:00:00]} h5+ {[%emt 0:00:09]} 56. Kh3 {[%emt 0:00:00]} Kf5 {[%emt 0:01:09]} 57. b7 {[%emt 0:00:00]} 1-0